[Event "LXXV C.to Italiano"]
[Site "Milano ITA"]
[Date "2015.12.04"]
[Round "6"]
[White "Valsecchi, Alessio"]
[Black "Rombaldoni, Axel"]
[WhiteElo "2466"]
[BlackElo "2539"]
[Result "0-1"]
[PlyCount "98"]
[EventDate "2015.11.29"]

1. Nf3 Nf6 2. c4 g6 3. g3 Bg7 4. Bg2 O-O 5. d4 d6 6. Nc3 Nc6 7. O-O a6 8. h3
Rb8 9. d5 Na5 10. Qd3 c5 11. Bd2 b5 12. b3 bxc4 13. bxc4 Rb4 14. a3 Rb3 15. Qc2
Rb7 16. Qa2 Ne4 17. Rac1 Nxd2 18. Nxd2 Bd7 19. Qc2 Qc7 20. Rb1 Rfb8 21. Kh2 f5
22. e3 Qc8 23. Rfc1 Qf8 24. Bf1 Qf6 25. Bd3 Kf8 26. Kg2 Ke8 27. Nd1 Kd8 28.
Rxb7 Rxb7 29. Rb1 Rxb1 30. Nxb1 e5 31. Qc3 Nb7 32. e4 h5 33. Nd2 f4 34. Be2
fxg3 35. fxg3 h4 36. Bg4 Bxg4 37. hxg4 Bh6 38. Nb3 h3+ 39. Kh2 Qf1 40. Qc2 Ke7
41. Nc3 Qxc4 42. Nd2 Bxd2 43. Qxd2 Qf1 44. Nd1 Qf3 45. Ne3 Qxe4 46. Qe1 Nd8 47.
Kxh3 Nf7 48. Kh2 Ng5 49. Qf2 Qf3 0-1

[Event "LXXV C.to Italiano"]
[Site "Milano ITA"]
[Date "2015.12.04"]
[Round "6"]
[White "Vocaturo, Daniele"]
[Black "Brunello, Sabino"]
[WhiteElo "2588"]
[BlackElo "2562"]
[Result "1/2-1/2"]
[PlyCount "90"]
[EventDate "2015.11.29"]

1. d4 d5 2. c4 c6 3. Nc3 Nf6 4. e3 e6 5. Nf3 Nbd7 6. Qc2 Bd6 7. b3 O-O 8. Be2
b6 9. O-O Bb7 10. Bb2 Qe7 11. Rac1 Rad8 12. Rfe1 Rfe8 13. Bf1 c5 14. cxd5 exd5
15. g3 Ne4 16. Bg2 Ndf6 17. dxc5 bxc5 18. Nxe4 Nxe4 19. Nd2 f5 20. f3 Nxd2 21.
Qxd2 c4 22. f4 cxb3 23. axb3 Bb4 24. Bc3 Bxc3 25. Qxc3 Rc8 26. Qd2 Rxc1 27.
Qxc1 Qb4 28. Qd1 Kf8 29. Qb1 g6 30. Qa1 Kf7 31. Kf2 d4 32. Qxa7 dxe3+ 33. Kf1
Re7 34. Bxb7 Qd2 35. Re2 Qd1+ 36. Re1 Qd2 37. Re2 Qd1+ 38. Re1 Qxb3 39. Kg1
Qxb7 40. Qxb7 Rxb7 41. Rxe3 Rb2 42. h4 Kg7 43. Re7+ Kh6 44. Ra7 Rc2 45. Rb7 Ra2
1/2-1/2

[Event "LXXV C.to Italiano"]
[Site "Milano ITA"]
[Date "2015.12.08"]
[Round "7"]
[White "Basso, Pier Luigi"]
[Black "Bellia, Fabrizio"]
[WhiteElo "2435"]
[BlackElo "2452"]
[Result "1/2-1/2"]
[PlyCount "63"]
[EventDate "2015.11.29"]

1. d4 d5 2. c4 e6 3. Nc3 Nf6 4. Nf3 Be7 5. Bf4 O-O 6. Rc1 Nbd7 7. cxd5 exd5 8.
e3 c6 9. h3 Re8 10. Bd3 Nf8 11. O-O Ng6 12. Bh2 Bd6 13. Bxd6 Qxd6 14. a3 Bd7
15. Re1 Rac8 16. Qb3 b6 17. Qb4 c5 18. dxc5 bxc5 19. Qa5 Qb6 20. Qxb6 axb6 21.
Red1 Bc6 22. Ba6 Rcd8 23. Bb5 Bxb5 24. Nxb5 Rd7 25. b4 Rc8 26. Rc2 Nf8 27. Ne5
Rdd8 28. Nd3 Ne6 29. Rdc1 Nd7 30. g3 g6 31. Kg2 Ra8 32. Rc3 1/2-1/2

[Event "LXXV C.to Italiano"]
[Site "Milano ITA"]
[Date "2015.12.08"]
[Round "7"]
[White "Brunello, Sabino"]
[Black "Godena, Michele"]
[WhiteElo "2562"]
[BlackElo "2508"]
[Result "1-0"]
[PlyCount "83"]
[EventDate "2015.11.29"]

1. d4 d5 2. c4 dxc4 3. e4 e5 4. Nf3 Bb4+ 5. Nc3 Nf6 6. Bxc4 exd4 7. Nxd4 O-O 8.
O-O Nbd7 9. f3 Ne5 10. Be2 Bc5 11. Be3 Nc6 12. Nc2 Qe7 13. Bxc5 Qxc5+ 14. Kh1
Be6 15. Qe1 Rad8 16. Rc1 Nb4 17. Na4 Nxc2 18. Nxc5 Nxe1 19. Rfxe1 Bc8 20. b4
Rd2 21. a3 Rfd8 22. Kg1 Kf8 23. Kf2 Ra2 24. Rc3 Ne8 25. Nd3 Be6 26. Rb1 Nd6 27.
Nc1 Nb5 28. Nxa2 Bxa2 29. Bxb5 Bxb1 30. Rxc7 Rd2+ 31. Kg3 a6 32. Bc4 b5 33. Bd5
Ba2 34. Rxf7+ Kg8 35. Ra7+ Bxd5 36. exd5 Rxd5 37. Rxa6 Rd3 38. Rc6 Rxa3 39. Rc5
Rb3 40. Rxb5 Rb2 41. h4 g6 42. Rb7 1-0

[Event "LXXV C.to Italiano"]
[Site "Milano ITA"]
[Date "2015.12.08"]
[Round "7"]
[White "David, Alberto"]
[Black "Valsecchi, Alessio"]
[WhiteElo "2580"]
[BlackElo "2466"]
[Result "1/2-1/2"]
[PlyCount "170"]
[EventDate "2015.11.29"]

1. e4 c5 2. Nf3 e6 3. d4 cxd4 4. Nxd4 Nf6 5. Nc3 d6 6. Be2 Be7 7. O-O O-O 8.
Be3 Nc6 9. a4 e5 10. Ndb5 Be6 11. Nd5 Nxe4 12. Nxe7+ Nxe7 13. Bf3 a6 14. Bxe4
axb5 15. axb5 Rxa1 16. Qxa1 Qd7 17. Bd3 Rc8 18. b3 f5 19. c4 f4 20. Bb6 Bf5 21.
Qd1 Bxd3 22. Qxd3 Qe6 23. Ba5 d5 24. Bb4 e4 25. Qd4 dxc4 26. Bxe7 Qxe7 27. bxc4
Rd8 28. Qc3 Rd3 29. Qc2 Qc5 30. Qa2 Rd8 31. Qe2 Qd4 32. Re1 Ra8 33. c5 e3 34.
fxe3 Qxc5 35. Qf2 fxe3 36. Qxe3 Qxb5 37. Qe6+ Kh8 38. h3 h6 39. Qe5 Qc6 40. Qd4
Re8 41. Rf1 Qc7 42. Qb4 b6 43. Rf8+ Rxf8 44. Qxf8+ Kh7 45. Qf5+ g6 46. Qe4 h5
47. Qe8 Kg7 48. h4 Qd6 49. Qe4 Qc5+ 50. Kh1 b5 51. Qb7+ Kf6 52. Qf3+ Qf5 53.
Qc6+ Qe6 54. Qf3+ Ke7 55. Qb7+ Qd7 56. Qe4+ Kf7 57. Qf4+ Kg7 58. Qe5+ Kh7 59.
Qc5 Kg8 60. Qb6 Kg7 61. Qc5 Qb7 62. Qd4+ Kh7 63. Qb4 Qd7 64. Qc5 Kg8 65. Qe5
Kh7 66. Qc5 Qd1+ 67. Kh2 Qe2 68. Qc7+ Kg8 69. Qd8+ Kf7 70. Qd7+ Kf6 71. Qd8+
Qe7 72. Qb6+ Kg7 73. Qxb5 Qxh4+ 74. Kg1 Qd4+ 75. Kh1 Kh6 76. Qe8 h4 77. Qe7 Qf4
78. Qd8 Qf1+ 79. Kh2 Qc4 80. Qh8+ Kg5 81. Qd8+ Kh5 82. Qd1+ Kh6 83. Qd8 Qf4+
84. Kh1 Qf1+ 85. Kh2 Qf4+ 1/2-1/2

[Event "LXXV C.to Italiano"]
[Site "Milano ITA"]
[Date "2015.12.08"]
[Round "7"]
[White "Dvirnyy, Danyyil"]
[Black "Borgo, Giulio"]
[WhiteElo "2561"]
[BlackElo "2372"]
[Result "1-0"]
[PlyCount "89"]
[EventDate "2015.11.29"]

1. d4 d5 2. c4 e6 3. Nc3 Nf6 4. Nf3 c5 5. cxd5 cxd4 6. Nxd4 Nxd5 7. Bd2 Bc5 8.
Nb3 Bb6 9. g3 O-O 10. Na4 Bc7 11. Bg2 Qe7 12. O-O Rd8 13. Rc1 Nc6 14. Qc2 e5
15. Rfd1 Ndb4 16. Qb1 Bg4 17. a3 Na6 18. Qe4 Be6 19. Nac5 Nxc5 20. Nxc5 Bd5 21.
Qg4 Bxg2 22. Kxg2 Rd4 23. Qf3 e4 24. Qb3 Bb6 25. Na4 e3 26. Nxb6 exd2 27. Rxc6
Rad8 28. Qe3 Re4 29. Nd5 Qe5 30. Qxd2 bxc6 31. Ne7+ Qxe7 32. Qxd8+ Qf8 33. e3
g6 34. Qc7 Qc5 35. Rd8+ Kg7 36. Rd7 Qc4 37. Qxa7 c5 38. Qb7 Re5 39. b3 Qe6 40.
a4 h5 41. h4 g5 42. hxg5 h4 43. gxh4 Qg4+ 44. Kf1 Rf5 45. Qc6 1-0

[Event "LXXV C.to Italiano"]
[Site "Milano ITA"]
[Date "2015.12.08"]
[Round "7"]
[White "Moroni, Luca jr"]
[Black "Vocaturo, Daniele"]
[WhiteElo "2460"]
[BlackElo "2588"]
[Result "1/2-1/2"]
[PlyCount "134"]
[EventDate "2015.11.29"]

1. d4 Nf6 2. c4 c5 3. Nf3 cxd4 4. Nxd4 e6 5. Nc3 Qc7 6. e3 a6 7. Be2 Be7 8. O-O
O-O 9. Qc2 b6 10. b3 Bb7 11. Bb2 d6 12. Rac1 Nbd7 13. Bf3 Rac8 14. Qe2 Rfe8 15.
Rfd1 g6 16. Bxb7 Qxb7 17. Qf3 Qc7 18. Qh3 Bf8 19. Nf3 Qb7 20. Qh4 h6 21. Ne2
Ne4 22. Ng3 Ndc5 23. Nxe4 Nxe4 24. Nd2 Nc5 25. Ba1 f5 26. b4 Nd3 27. Qd4 Ne5
28. f4 Nf7 29. Qf6 Kh7 30. Nf3 Qe7 31. Qd4 Qc7 32. Qf6 e5 33. fxe5 Nxe5 34.
Nxe5 dxe5 35. c5 bxc5 36. bxc5 Qe7 37. Qxa6 Rxc5 38. Qa4 Rxc1 39. Rxc1 Bg7 40.
e4 Qg5 41. Rd1 Qe3+ 42. Kh1 Rf8 43. exf5 Rxf5 44. Qc4 Rf4 45. Qb5 Rf2 46. a4
Qe4 47. Rg1 Ra2 48. a5 Qa4 49. Qxa4 Rxa4 50. Bc3 e4 51. Bd2 Bd4 52. Rb1 Kg7 53.
g3 e3 54. Be1 Ra2 55. Rb4 Bf6 56. Rb7+ Kg8 57. Rb8+ Kf7 58. Rb7+ Kf8 59. Rb8+
Ke7 60. Rb7+ Kd8 61. Rb3 Re2 62. Bc3 Bxc3 63. Rxc3 Kd7 64. a6 Ra2 65. Rxe3 Rxa6
66. Re2 Re6 67. Ra2 Ke7 1/2-1/2

[Event "LXXV C.to Italiano"]
[Site "Milano ITA"]
[Date "2015.12.08"]
[Round "7"]
[White "Rombaldoni, Axel"]
[Black "Bove, Alessandro"]
[WhiteElo "2539"]
[BlackElo "2360"]
[Result "1-0"]
[PlyCount "71"]
[EventDate "2015.11.29"]

1. e4 Nf6 2. e5 Nd5 3. d4 d6 4. Nf3 g6 5. h4 Bg4 6. h5 gxh5 7. Be2 Qd7 8. c4
Nb6 9. exd6 exd6 10. Nc3 Bg7 11. a4 a5 12. Be3 Na6 13. Qd2 Nb4 14. b3 c6 15.
Na2 Nxa2 16. Rxa2 Nc8 17. Ng5 Bf5 18. Bxh5 Bg6 19. Kf1 Ne7 20. Bxg6 hxg6 21.
Rxh8+ Bxh8 22. Bf4 Qf5 23. Ra1 f6 24. Ne4 Qxe4 25. Re1 Qf5 26. Bxd6 O-O-O 27.
Bxe7 Rd7 28. Qh6 Qh5 29. Qf8+ Kc7 30. c5 Qh1+ 31. Ke2 Qxg2 32. Bd6+ Rxd6 33.
Qxd6+ Kc8 34. Qf8+ Kc7 35. Qxh8 Qe4+ 36. Kf1 1-0

[Event "LXXV C.to Italiano"]
[Site "Milano ITA"]
[Date "2015.12.07"]
[Round "8"]
[White "Bellia, Fabrizio"]
[Black "Dvirnyy, Danyyil"]
[WhiteElo "2452"]
[BlackElo "2561"]
[Result "1/2-1/2"]
[PlyCount "55"]
[EventDate "2015.11.29"]

1. e4 d5 2. exd5 Qxd5 3. Nc3 Qa5 4. d4 Nf6 5. Bc4 Bg4 6. f3 Bd7 7. Nge2 g6 8.
Bd2 Qb6 9. Qc1 Bg7 10. Be3 O-O 11. O-O Na6 12. a3 c6 13. Na4 Qa5 14. b4 Qd8 15.
Bxa6 bxa6 16. Nc5 Bc8 17. Bh6 a5 18. Bxg7 Kxg7 19. Qd2 Nd7 20. Nb3 axb4 21.
axb4 Qb6 22. Rfe1 Rb8 23. c3 e5 24. Kh1 Rd8 25. Qe3 Re8 26. Qd2 Rd8 27. Qe3 Re8
28. Qd2 1/2-1/2

[Event "LXXV C.to Italiano"]
[Site "Milano ITA"]
[Date "2015.12.07"]
[Round "8"]
[White "Borgo, Giulio"]
[Black "Brunello, Sabino"]
[WhiteElo "2372"]
[BlackElo "2562"]
[Result "0-1"]
[PlyCount "54"]
[EventDate "2015.11.29"]

1. c4 c5 2. Nc3 Nf6 3. g3 g6 4. Bg2 Nc6 5. e4 d6 6. Nge2 Bg7 7. d3 O-O 8. O-O
a6 9. h3 Rb8 10. Bg5 b5 11. b3 b4 12. Na4 Ne8 13. Rb1 Nc7 14. g4 Ne6 15. Be3
Ned4 16. Ng3 e5 17. Qd2 Bd7 18. Nb2 Ne6 19. Nd1 Qh4 20. Kh2 Ncd4 21. f3 Nf4 22.
Bg1 f5 23. exf5 gxf5 24. Ne3 fxg4 25. fxg4 e4 26. Rxf4 Rxf4 27. Bxe4 Rxe4 0-1

[Event "LXXV C.to Italiano"]
[Site "Milano ITA"]
[Date "2015.12.07"]
[Round "8"]
[White "Bove, Alessandro"]
[Black "Vocaturo, Daniele"]
[WhiteElo "2360"]
[BlackElo "2588"]
[Result "0-1"]
[PlyCount "80"]
[EventDate "2015.11.29"]

1. e4 c5 2. Nf3 e6 3. d4 cxd4 4. Nxd4 Nc6 5. Nb5 d6 6. Bf4 e5 7. Be3 Be6 8. c4
Be7 9. N1c3 a6 10. Na3 Bg5 11. Bxg5 Qxg5 12. Nc2 Nf6 13. f3 Rc8 14. Qd2 Qxd2+
15. Kxd2 Nd7 16. Rc1 g6 17. h4 f5 18. g3 Nc5 19. b3 O-O 20. exf5 Bxf5 21. Ne3
Nd4 22. Bg2 Rf7 23. f4 exf4 24. gxf4 Be6 25. Rcf1 b5 26. h5 bxc4 27. hxg6 hxg6
28. Nxc4 Ncxb3+ 29. axb3 Nxb3+ 30. Kc2 Bxc4 31. Rd1 Rxf4 32. Bd5+ Bxd5 33. Rxd5
Rf3 34. Kxb3 Rfxc3+ 35. Kb4 R8c4+ 36. Ka5 Rc5+ 37. Rxc5 Rxc5+ 38. Kxa6 Kf7 39.
Re1 g5 40. Kb6 Kf6 0-1

[Event "LXXV C.to Italiano"]
[Site "Milano ITA"]
[Date "2015.12.07"]
[Round "8"]
[White "Godena, Michele"]
[Black "Moroni, Luca jr"]
[WhiteElo "2508"]
[BlackElo "2460"]
[Result "1/2-1/2"]
[PlyCount "42"]
[EventDate "2015.11.29"]

1. e4 d6 2. d4 Nf6 3. Nc3 e5 4. Nge2 Nc6 5. h3 exd4 6. Nxd4 Be7 7. Bb5 Bd7 8.
Bxc6 bxc6 9. Qf3 c5 10. Nf5 Bxf5 11. Qxf5 Qd7 12. Qxd7+ Nxd7 13. Nd5 Bd8 14.
Bf4 O-O 15. O-O-O f5 16. Rhe1 fxe4 17. Rxe4 Nf6 18. Nxf6+ Bxf6 19. c3 a6 20.
Kc2 Rab8 21. g3 Rfe8 1/2-1/2

[Event "LXXV C.to Italiano"]
[Site "Milano ITA"]
[Date "2015.12.07"]
[Round "8"]
[White "Rombaldoni, Axel"]
[Black "David, Alberto"]
[WhiteElo "2539"]
[BlackElo "2580"]
[Result "1/2-1/2"]
[PlyCount "77"]
[EventDate "2015.11.29"]

1. d4 Nf6 2. Bg5 d5 3. e3 c5 4. Nd2 Nc6 5. c3 Qb6 6. Qc2 Bg4 7. Ne2 Rc8 8. Ng3
cxd4 9. exd4 Bd7 10. Qb3 e6 11. Qxb6 axb6 12. Bf4 Be7 13. Be2 O-O 14. O-O Ne8
15. Nf3 f6 16. h4 Nd6 17. Rae1 Rfe8 18. Bd3 Bf8 19. Re2 Nd8 20. Rfe1 N8f7 21.
Nf1 Nc4 22. Ne3 b5 23. a3 e5 24. dxe5 fxe5 25. Bxc4 bxc4 26. Bg3 Rc5 27. Rd2
Bc6 28. Ng4 e4 29. Nd4 Bd7 30. Ne3 Ne5 31. Bxe5 Rxe5 32. Ndc2 Be7 33. g3 g5 34.
hxg5 Bxg5 35. Red1 Ba4 36. Re1 Bxc2 37. Rxc2 h5 38. Kg2 Kg7 39. Rd2 1/2-1/2

[Event "LXXV C.to Italiano"]
[Site "Milano ITA"]
[Date "2015.12.07"]
[Round "8"]
[White "Valsecchi, Alessio"]
[Black "Basso, Pier Luigi"]
[WhiteElo "2466"]
[BlackElo "2435"]
[Result "0-1"]
[PlyCount "98"]
[EventDate "2015.11.29"]

1. d4 d5 2. Nf3 Nf6 3. c4 c6 4. Nc3 e6 5. g3 Nbd7 6. Bg2 dxc4 7. a4 Be7 8. O-O
O-O 9. e4 e5 10. dxe5 Ng4 11. Bf4 Qa5 12. e6 fxe6 13. Qe2 Nge5 14. Nxe5 Nxe5
15. Bxe5 Qxe5 16. Kh1 Bd7 17. f4 Qc5 18. e5 Be8 19. Ne4 Qb4 20. Rfc1 Rd8 21.
Rxc4 Qb6 22. Rcc1 a5 23. Rd1 Rd4 24. Rxd4 Qxd4 25. Nc3 Bg6 26. Rd1 Qb4 27. Bh3
Bf7 28. Rd7 Rd8 29. Qd2 Qb6 30. Rxd8+ Qxd8 31. Qxd8+ Bxd8 32. Ne4 Be7 33. Nd2
Kf8 34. Nb3 Bb4 35. Nd4 Ke7 36. Kg2 Bc5 37. Nb3 Bb6 38. Nd2 Bg6 39. Kf3 Bc2 40.
b3 Bd1+ 41. Ke4 Bc2+ 42. Kf3 Bc5 43. g4 Bb4 44. Ne4 Bxb3 45. f5 exf5 46. gxf5
Bxa4 47. Kf4 Bc2 48. f6+ gxf6 49. exf6+ Kd8 0-1

[Event "LXXV C.to Italiano"]
[Site "Milano ITA"]
[Date "2015.12.09"]
[Round "9"]
[White "Basso, Pier Luigi"]
[Black "Rombaldoni, Axel"]
[WhiteElo "2435"]
[BlackElo "2539"]
[Result "1/2-1/2"]
[PlyCount "119"]
[EventDate "2015.11.29"]

1. d4 e6 2. c4 Bb4+ 3. Bd2 c5 4. Bxb4 cxb4 5. Nf3 Nf6 6. g3 O-O 7. Bg2 d6 8.
O-O Qc7 9. Qb3 a5 10. a3 Na6 11. axb4 Nxb4 12. Nc3 Bd7 13. Na2 Nc6 14. Nc3 Nb4
15. Na2 b5 16. Nd2 bxc4 17. Qxc4 Rac8 18. Qxc7 Rxc7 19. Nxb4 axb4 20. Rfc1 Rfc8
21. Rxc7 Rxc7 22. Ra8+ Ne8 23. Nf1 Kf8 24. Be4 Bb5 25. Bf3 Rc2 26. Rb8 Bxe2 27.
Bxe2 Rxe2 28. Rxb4 d5 29. Ne3 Re1+ 30. Kg2 Nd6 31. Rb8+ Ke7 32. Ra8 Nb5 33. Ra4
f5 34. h4 h6 35. h5 Rb1 36. Rb4 Nd6 37. Rb8 Rc1 38. f3 Nc4 39. Kf2 Nd6 40. Kg2
Nc4 41. Kf2 Kd6 42. Nxc4+ dxc4 43. Rc8 Rh1 44. Rxc4 Rh2+ 45. Ke3 Rxh5 46. Ra4
Rh3 47. Ra6+ Ke7 48. Ra7+ Kf6 49. Ra6 Ke7 50. Ra7+ Kf6 51. Ra6 Rxg3 52. d5 Rg2
53. Rxe6+ Kf7 54. Rb6 h5 55. Kf4 g6 56. Rb7+ Kf6 57. Rb6+ Kf7 58. Rb7+ Kf6 59.
Rb6+ Kg7 60. Rb7+ 1/2-1/2

[Event "LXXV C.to Italiano"]
[Site "Milano ITA"]
[Date "2015.12.09"]
[Round "9"]
[White "Brunello, Sabino"]
[Black "Bellia, Fabrizio"]
[WhiteElo "2562"]
[BlackElo "2452"]
[Result "1/2-1/2"]
[PlyCount "74"]
[EventDate "2015.11.29"]

1. d4 Nf6 2. c4 e6 3. Nf3 b6 4. g3 Ba6 5. b3 Bb4+ 6. Bd2 Be7 7. Nc3 c6 8. e4 d5
9. Qe2 c5 10. exd5 exd5 11. Bg2 Nc6 12. dxc5 bxc5 13. O-O O-O 14. Rad1 Re8 15.
Bf4 Bd6 16. Qd2 d4 17. Na4 Ne4 18. Qc1 Bb7 19. Rfe1 f5 20. Nh4 g6 21. f3 Nf6
22. Rxe8+ Nxe8 23. Bxd6 Qxd6 24. Qg5 Ng7 25. f4 Nd8 26. Bxb7 Nxb7 27. Nf3 Nd8
28. Nc3 Nf7 29. Qh4 dxc3 30. Rxd6 c2 31. Rd7 c1=Q+ 32. Kg2 Re8 33. Qf6 Rf8 34.
Ne5 Qc2+ 35. Kg1 Qc1+ 36. Kg2 Qc2+ 37. Kg1 Qc1+ 1/2-1/2

[Event "LXXV C.to Italiano"]
[Site "Milano ITA"]
[Date "2015.12.09"]
[Round "9"]
[White "David, Alberto"]
[Black "Bove, Alessandro"]
[WhiteElo "2580"]
[BlackElo "2360"]
[Result "1-0"]
[PlyCount "109"]
[EventDate "2015.11.29"]

1. e4 e5 2. Nf3 Nf6 3. Nxe5 d6 4. Nf3 Nxe4 5. d4 d5 6. Bd3 Nc6 7. O-O Be7 8.
Nc3 Nxc3 9. bxc3 O-O 10. Re1 h6 11. Rb1 Rb8 12. h3 Re8 13. Bf4 Bd6 14. Ne5 Be6
15. Qh5 Qf6 16. Bd2 Be7 17. g3 Bf8 18. Ng4 Bxg4 19. hxg4 Qf3 20. Rxe8 Rxe8 21.
Qf5 Qxf5 22. gxf5 Rb8 23. Rb5 Ne7 24. Bf4 b6 25. Bxc7 Rc8 26. Bd6 Rxc3 27. a4
Rc6 28. Bb8 a6 29. Rb1 a5 30. Be5 Nc8 31. Rb5 f6 32. Bf4 Bd6 33. Rxd5 Bxf4 34.
Rd8+ Kf7 35. gxf4 Ke7 36. Rg8 Kf7 37. Rd8 Ke7 38. Rg8 Kf7 39. Rh8 Ke7 40. Kf1
Rc7 41. Ke1 Na7 42. Rg8 Kf7 43. Ra8 Ke7 44. Kd2 Nc6 45. c3 Kd6 46. Be4 Na7 47.
Rb8 Nc8 48. Bb7 Ne7 49. Ba6 Nxf5 50. Bd3 Ne7 51. Rxb6+ Rc6 52. Rb5 Ra6 53. c4
Ra7 54. Be4 g6 55. Rb6+ 1-0

[Event "LXXV C.to Italiano"]
[Site "Milano ITA"]
[Date "2015.12.09"]
[Round "9"]
[White "Dvirnyy, Danyyil"]
[Black "Valsecchi, Alessio"]
[WhiteElo "2561"]
[BlackElo "2466"]
[Result "1-0"]
[PlyCount "59"]
[EventDate "2015.11.29"]

1. c4 g6 2. g3 Bg7 3. Bg2 c5 4. e3 Nc6 5. Ne2 e6 6. Bxc6 bxc6 7. Nbc3 Ne7 8. b3
d6 9. Bb2 e5 10. Qc2 O-O 11. h3 a5 12. O-O-O Bf5 13. d3 Nc8 14. Na4 Qe7 15. Qd2
Rd8 16. g4 Be6 17. f4 f6 18. Ng3 d5 19. Qf2 e4 20. f5 exd3 21. fxe6 dxc4 22.
Ne4 cxb3 23. axb3 c4 24. Bxf6 d2+ 25. Kb1 Bxf6 26. Qxf6 Rb8 27. Nac5 Rb5 28.
Rhf1 Qxf6 29. Nxf6+ Kg7 30. Nfd7 1-0

[Event "LXXV C.to Italiano"]
[Site "Milano ITA"]
[Date "2015.12.09"]
[Round "9"]
[White "Moroni, Luca jr"]
[Black "Borgo, Giulio"]
[WhiteElo "2460"]
[BlackElo "2372"]
[Result "1-0"]
[PlyCount "75"]
[EventDate "2015.11.29"]

1. d4 d5 2. c4 dxc4 3. e3 e5 4. Nf3 exd4 5. Bxc4 Bb4+ 6. Kf1 Nc6 7. exd4 Nf6 8.
Qb3 Qe7 9. a3 Bd6 10. Nc3 O-O 11. Bg5 Na5 12. Qb5 Nxc4 13. Qxc4 c6 14. d5 h6
15. Re1 Qd8 16. Bxf6 Qxf6 17. Ne4 Qd8 18. dxc6 Bc7 19. h4 Be6 20. Qc2 Bd5 21.
cxb7 Bxb7 22. Neg5 Ba6+ 23. Kg1 Bd3 24. Qa4 Qd5 25. Ne4 Rab8 26. Nc3 Qf5 27.
Qxa7 Bb6 28. Qa4 Qc5 29. Re3 Qd6 30. Re5 Bc7 31. Rd5 Qg6 32. h5 Qh7 33. Qd7 Bc4
34. Rc5 Be6 35. Qxc7 Rxb2 36. Qe5 Qc2 37. Ne4 Qe2 38. Kh2 1-0

[Event "LXXV C.to Italiano"]
[Site "Milano ITA"]
[Date "2015.12.09"]
[Round "9"]
[White "Vocaturo, Daniele"]
[Black "Godena, Michele"]
[WhiteElo "2588"]
[BlackElo "2508"]
[Result "1/2-1/2"]
[PlyCount "70"]
[EventDate "2015.11.29"]

1. e4 e5 2. Nf3 Nc6 3. Bb5 a6 4. Ba4 Nf6 5. O-O b5 6. Bb3 Bc5 7. a4 Bb7 8. c3
d6 9. d3 Rb8 10. axb5 axb5 11. Nh4 Bc8 12. Qf3 Be6 13. Nf5 O-O 14. Bc2 Bxf5 15.
exf5 d5 16. Bg5 Be7 17. Ra6 Qd7 18. Bb3 e4 19. Qg3 exd3 20. Bh6 Ne8 21. Bf4 Bd6
22. Bxd6 Nxd6 23. f6 g6 24. Qxd3 Nc4 25. Nd2 N6e5 26. Qd4 Qg4 27. Qxg4 Nxg4 28.
Nf3 Rb6 29. Rxb6 Nxb6 30. Nd4 Nc4 31. Re1 Nxf6 32. Nxb5 Rb8 33. Bxc4 dxc4 34.
Nxc7 Rxb2 35. h3 Rb7 1/2-1/2

[Event "LXXV C.to Italiano"]
[Site "Milano ITA"]
[Date "2015.12.11"]
[Round "10"]
[White "Bellia, Fabrizio"]
[Black "Moroni, Luca jr"]
[WhiteElo "2452"]
[BlackElo "2460"]
[Result "1/2-1/2"]
[PlyCount "178"]
[EventDate "2015.11.29"]

1. e4 e6 2. d4 d5 3. Nd2 c5 4. exd5 Qxd5 5. Ngf3 cxd4 6. Bc4 Qd8 7. O-O Nc6 8.
Nb3 a6 9. Nbxd4 Nxd4 10. Qxd4 Qxd4 11. Nxd4 Nf6 12. Be2 e5 13. Nb3 Bf5 14. c4
O-O-O 15. Be3 Be7 16. Rfd1 Bc2 17. Rxd8+ Rxd8 18. Rc1 Bxb3 19. axb3 Bb4 20. Rd1
Rxd1+ 21. Bxd1 Nd7 22. Bc2 h6 23. Kf1 Kc7 24. Ke2 a5 25. g4 b6 26. h4 Bc5 27.
Bd2 Bd4 28. b4 axb4 29. Bxb4 Bxb2 30. h5 Bd4 31. f3 Bc5 32. Bc3 Kd6 33. Bd2 Nf8
34. Be4 Ne6 35. Bc1 Ke7 36. Bd2 Kf6 37. Kd3 Bd4 38. Ke2 Nc7 39. Bc1 Ne8 40. Bd5
Nc7 41. Be4 Ne6 42. Bd2 Bg1 43. Kf1 Bc5 44. Ke2 Nd4+ 45. Kd3 Nb3 46. Kc2 Nd4+
47. Kd3 Ne6 48. Ke2 Bd4 49. Bc1 Nc5 50. Bc2 Nb7 51. Be4 Na5 52. Bd5 Nb3 53. Bd2
Bc5 54. Kd3 Bd4 55. Ke2 Bg1 56. Kd3 Ke7 57. Bb4+ Bc5 58. Bc3 Kf6 59. Kc2 Na5
60. Kd3 Nb3 61. Kc2 Na5 62. Kd3 Bd6 63. Kc2 Ke7 64. Kb2 Kf8 65. Bd2 Bc5 66. Kc2
Ke7 67. Bc3 Bd4 68. Bb4+ Kf6 69. Bd2 Bc5 70. Kb2 Ke7 71. Kc2 Bf2 72. Bb4+ Kf6
73. Bd2 Bg1 74. Bc1 Bc5 75. Bd2 Ke7 76. Bc3 Bd4 77. Bb4+ Kf6 78. Bd2 Bg1 79.
Kb2 Ke7 80. Ka3 f5 81. gxf5 Kf6 82. Ka4 Kxf5 83. Be4+ Kf6 84. Bxa5 bxa5 85.
Kxa5 Kg5 86. Bg6 Kf4 87. Be4 Kg5 88. Bg6 Kf4 89. Be4 Kg5 1/2-1/2

[Event "LXXV C.to Italiano"]
[Site "Milano ITA"]
[Date "2015.12.11"]
[Round "10"]
[White "Borgo, Giulio"]
[Black "Vocaturo, Daniele"]
[WhiteElo "2372"]
[BlackElo "2588"]
[Result "0-1"]
[PlyCount "110"]
[EventDate "2015.11.29"]

1. e4 c5 2. Nf3 e6 3. Qe2 Nc6 4. g3 e5 5. Nc3 d6 6. Nd5 Nge7 7. Nxe7 Bxe7 8. c3
d5 9. d3 Be6 10. h4 f6 11. Bh3 Bxh3 12. Rxh3 Qd7 13. Rh1 O-O-O 14. Bd2 Qe6 15.
b3 dxe4 16. dxe4 c4 17. Qxc4 Qxc4 18. bxc4 Na5 19. Ke2 Nxc4 20. Be3 Rd7 21.
Rhd1 Rc7 22. Rac1 Kb8 23. Nd2 Nb2 24. Rf1 Rhc8 25. Nb1 Rc4 26. f3 Na4 27. Bd2
h5 28. Rfd1 Nb2 29. Rg1 Bc5 30. Rg2 b5 31. g4 hxg4 32. Rxg4 Rc7 33. h5 Ra4 34.
Rc2 Nc4 35. Bc1 Kb7 36. Rg6 Ra6 37. h6 gxh6 38. Bxh6 Be7 39. Nd2 Na3 40. Rc1 b4
41. c4 Rac6 42. Rg7 a5 43. Be3 a4 44. c5 Ka6 45. Rf7 Kb5 46. Kd1 Bxc5 47. Rxc7
Rxc7 48. Ke2 Rc6 49. f4 Bxe3 50. Rxc6 Kxc6 51. Kxe3 exf4+ 52. Kxf4 Kc5 53. Kf5
Nc4 54. Nf3 b3 55. axb3 axb3 0-1

[Event "LXXV C.to Italiano"]
[Site "Milano ITA"]
[Date "2015.12.11"]
[Round "10"]
[White "Bove, Alessandro"]
[Black "Godena, Michele"]
[WhiteElo "2360"]
[BlackElo "2508"]
[Result "0-1"]
[PlyCount "42"]
[EventDate "2015.11.29"]

1. e4 e5 2. Nf3 Nc6 3. Bb5 a6 4. Bxc6 dxc6 5. O-O Bd6 6. d4 exd4 7. Qxd4 f6 8.
e5 fxe5 9. Qe3 Qe7 10. Re1 Nf6 11. Nxe5 O-O 12. Nf3 Qf7 13. Qb3 Nd5 14. Be3 Qh5
15. Nbd2 Bg4 16. c4 Nxe3 17. Rxe3 Bxf3 18. Nxf3 Rxf3 19. gxf3 Qxh2+ 20. Kf1 Bc5
21. Qxb7 Rd8 0-1

[Event "LXXV C.to Italiano"]
[Site "Milano ITA"]
[Date "2015.12.11"]
[Round "10"]
[White "David, Alberto"]
[Black "Basso, Pier Luigi"]
[WhiteElo "2580"]
[BlackElo "2435"]
[Result "1-0"]
[PlyCount "85"]
[EventDate "2015.11.29"]

1. e4 c6 2. d4 d5 3. Nc3 dxe4 4. Nxe4 Bf5 5. Ng3 Bg6 6. Nh3 Nd7 7. c3 e5 8. f4
exf4 9. Nxf4 Qc7 10. Bc4 O-O-O 11. O-O Bd6 12. Nxg6 hxg6 13. Rxf7 Ngf6 14. Qf3
Rdf8 15. Bg5 Rxf7 16. Bxf7 Nh5 17. Nf1 Rf8 18. Re1 Qa5 19. h4 Nhf6 20. Bxg6
Qxa2 21. Ne3 Nd5 22. Nxd5 cxd5 23. Bf5 g6 24. Bxd7+ Kxd7 25. Qg4+ Kc6 26. Be7
Bxe7 27. Rxe7 Qb1+ 28. Kh2 Qf5 29. Re6+ Kb5 30. Rxg6 Qf2 31. Qd7+ Kc4 32. Rg3
b5 33. Qc6+ Kb3 34. Qxb5+ Ka2 35. Qxd5+ Ka1 36. Qa5+ Kb1 37. Qg5 Rf4 38. Qg6+
Kxb2 39. Qg5 a5 40. Rh3 Re4 41. h5 Re1 42. Rf3 Qg1+ 43. Kg3 1-0

[Event "LXXV C.to Italiano"]
[Site "Milano ITA"]
[Date "2015.12.11"]
[Round "10"]
[White "Rombaldoni, Axel"]
[Black "Dvirnyy, Danyyil"]
[WhiteElo "2539"]
[BlackElo "2561"]
[Result "1/2-1/2"]
[PlyCount "67"]
[EventDate "2015.11.29"]

1. d4 d5 2. c4 c6 3. Nf3 Nf6 4. Nc3 e6 5. g3 dxc4 6. Bg2 Nbd7 7. O-O Be7 8. e4
O-O 9. Bf4 Nh5 10. Be3 Nhf6 11. Bf4 Nh5 12. Be3 Nhf6 13. a4 e5 14. dxe5 Ng4 15.
Bf4 Qa5 16. e6 fxe6 17. Qe2 Nde5 18. Nxe5 Nxe5 19. Bxe5 Qxe5 20. Qxc4 Qc5 21.
Qxc5 Bxc5 22. e5 Bd4 23. Rae1 Rf5 24. Re4 c5 25. Nb5 Rxe5 26. Nxd4 Rxe4 27.
Bxe4 cxd4 28. Rd1 e5 29. f4 Bg4 30. Rd2 Rd8 31. Bxb7 Kf7 32. Kg2 Kf6 33. a5 Rb8
34. a6 1/2-1/2